[Event "DB / BSW Berlin-Königl. SV. D. D. Den H"]
[Site "?"]
[Date "????.??.??"]
[Round "3.2"]
[White "Happel, H."]
[Black "Harzer, P."]
[Result "1/2-1/2"]
[WhiteElo "2186"]
[BlackElo "2168"]
[PlyCount "73"]
[EventDate "2008.??.??"]

1. d4 f5 2. Nf3 Nf6 3. e3 e6 4. Bd3 b6 5. c4 Bb7 6. O-O Be7 7. b3 O-O 8. Bb2
Qe8 9. Nbd2 Qg6 10. Qe2 Ne4 11. Rfd1 d6 12. Ne1 Nd7 13. Nf1 Ndf6 14. f3 Ng5 15.
Kh1 Nh5 16. b4 Qh6 17. Kg1 Qg6 18. Rac1 Rae8 19. a4 e5 20. dxe5 dxe5 21. c5 Kh8
22. Bxe5 Bxc5 23. f4 Rxe5 24. fxe5 Bxb4 25. Ng3 Nxg3 26. hxg3 Bc5 27. g4 Ne4
28. gxf5 Qxf5 29. Nf3 Qg4 30. Rc4 Bd5 31. Bxe4 Bxe4 32. Rf1 Rxf3 33. Rxf3 Bxf3
34. Qf1 Bxe3+ 35. Kh2 Bf4+ 36. Kg1 Be3+ 37. Kh2 1/2-1/2

[Event "DB / BSW Berlin-Königl. SV. D. D. Den H"]
[Site "?"]
[Date "????.??.??"]
[Round "3.3"]
[White "Pitt, W."]
[Black "Lindner, J-J."]
[Result "0-1"]
[WhiteElo "2050"]
[BlackElo "2101"]
[PlyCount "100"]
[EventDate "2008.??.??"]

1. Nf3 e6 2. g3 f5 3. Bg2 Nf6 4. O-O Be7 5. d3 O-O 6. Nbd2 Nc6 7. e4 fxe4 8.
dxe4 e5 9. c3 d6 10. Ng5 Qe8 11. Qb3+ Kh8 12. Qc2 Qh5 13. Ngf3 Bg4 14. h4 Nd7
15. Nh2 Be2 16. Re1 Nc5 17. Nb3 Bd3 18. Qd2 Bc4 19. Nxc5 dxc5 20. Qd1 Qf7 21.
Qf3 Qe6 22. Qg4 Bxa2 23. Qxe6 Bxe6 24. Be3 b6 25. Bf1 Na5 26. Rad1 Bb3 27. Rd2
Nc4 28. Bxc4 Bxc4 29. Kg2 h6 30. f4 exf4 31. Bxf4 Rad8 32. Red1 Rxd2+ 33. Rxd2
Bxh4 34. Bxc7 Bg5 35. Rd1 Kg8 36. Bd6 Rf7 37. Re1 Rd7 38. e5 Bd5+ 39. Kg1 h5
40. Nf1 Kf7 41. Ne3 Bb3 42. Ng2 Ke6 43. Rf1 Rf7 44. Rxf7 Kxf7 45. Bb8 a6 46.
Bc7 Bc1 47. Bxb6 Bxb2 48. Bxc5 Bxc3 49. Bd6 g5 50. Kf2 Ke6 0-1

[Event "DB / BSW Berlin-Königl. SV. D. D. Den H"]
[Site "?"]
[Date "????.??.??"]
[Round "3.4"]
[White "Monte, P."]
[Black "Kaiser, H."]
[Result "1/2-1/2"]
[WhiteElo "2086"]
[BlackElo "1690"]
[PlyCount "81"]
[EventDate "2008.??.??"]

1. e4 c5 2. g3 Nc6 3. Bg2 Nf6 4. f4 e5 5. Nc3 exf4 6. gxf4 d6 7. d3 Bg4 8. Bf3
Bxf3 9. Nxf3 Be7 10. Qe2 O-O 11. Rg1 Nd4 12. Qg2 Nxf3+ 13. Qxf3 Qc7 14. f5 Kh8
15. Bf4 a6 16. O-O-O b5 17. Rd2 b4 18. Nd1 c4 19. Rdg2 Rg8 20. d4 Qc6 21. d5
Qa4 22. Kb1 Rac8 23. b3 Qa3 24. Bc1 Qa5 25. Bb2 c3 26. Bc1 Nd7 27. Qh5 Rcf8 28.
Rg3 Nf6 29. Qe2 Qc7 30. Nf2 a5 31. Nd3 Qb7 32. Bg5 h6 33. Rh3 Nh7 34. Be3 Bf6
35. Rh5 Qe7 36. Qg2 Re8 37. Nf2 Bh4 38. Bd4 Bf6 39. Be3 Bh4 40. Ng4 Bf6 41. Nf2
1/2-1/2

[Event "Italien-Finnland 2"]
[Site "?"]
[Date "????.??.??"]
[Round "3.4"]
[White "Heikkilä, O."]
[Black "Guaglianone, M."]
[Result "0-1"]
[WhiteElo "1737"]
[BlackElo "2033"]
[PlyCount "110"]
[EventDate "2008.??.??"]

1. c4 e5 2. Nc3 Nc6 3. g3 f5 4. Bg2 Nf6 5. d3 Bb4 6. Bd2 O-O 7. a3 Bxc3 8. Bxc3
Kh8 9. Qd2 d5 10. cxd5 Nxd5 11. e3 f4 12. Bxd5 fxe3 13. fxe3 Qxd5 14. e4 Qb3
15. Ne2 Bg4 16. h3 Be6 17. g4 Rad8 18. Rf1 Rxf1+ 19. Kxf1 Bc4 20. Nc1 Qb6 21.
Kg2 Qa6 22. Qg5 Bxd3 23. Bxe5 Bxe4+ 24. Kg3 Bg6 25. Bc3 Qf1 26. Qe3 Rf8 27. Nb3
Qc4 28. Rc1 Qd5 29. Nd2 Re8 30. Qf4 Qf7 31. Qxf7 Bxf7 32. Nf3 Bd5 33. Re1 Rxe1
34. Nxe1 Kg8 35. Nd3 g6 36. h4 b6 37. h5 gxh5 38. gxh5 Be4 39. Nf4 Kf7 40. h6
Ke7 41. Kg4 Nd8 42. Bg7 Nf7 43. Kg3 c5 44. Kf2 Kd6 45. Ke3 Bf5 46. Ne2 Kd5 47.
Kf4 Bd3 48. Ke3 Bxe2 49. Kxe2 Ke4 50. Kd2 Kf5 51. Kc3 Kg6 52. Bf8 Nxh6 53. b4
cxb4+ 54. Kxb4 Nf5 55. a4 Kf7 0-1

[Event "Rheno Palatinat-Luxemburg"]
[Site "?"]
[Date "????.??.??"]
[Round "3.1"]
[White "Denda, R."]
[Black "Feller, J."]
[Result "1/2-1/2"]
[WhiteElo "2059"]
[BlackElo "2195"]
[PlyCount "56"]
[EventDate "2008.??.??"]

1. e4 c5 2. Nf3 Nf6 3. e5 Nd5 4. d4 cxd4 5. Qxd4 e6 6. c4 Nc6 7. Qe4 Nde7 8.
Nc3 Ng6 9. a3 a6 10. Bf4 Nxf4 11. Qxf4 Qc7 12. Qe3 d6 13. exd6 Bxd6 14. Be2 O-O
15. O-O Ne5 16. Nxe5 Bxe5 17. g3 Bd7 18. Rac1 Bc6 19. b4 Rfd8 20. Rfd1 Rxd1+
21. Rxd1 h6 22. f4 Bf6 23. c5 Rd8 24. Ne4 Rxd1+ 25. Bxd1 Bxe4 26. Qxe4 Qd7 27.
Bf3 Qd2 28. Qe2 Qxe2 1/2-1/2

[Event "Rheno Palatinat-Luxemburg"]
[Site "?"]
[Date "????.??.??"]
[Round "3.3"]
[White "Degenhardt, N."]
[Black "Rasmussen, L."]
[Result "0-1"]
[WhiteElo "2074"]
[BlackElo "2095"]
[PlyCount "88"]
[EventDate "2008.??.??"]

1. e4 g6 2. d4 Bg7 3. Bc4 e6 4. Ne2 d5 5. Bd3 dxe4 6. Bxe4 Nf6 7. Bf3 c6 8. O-O
O-O 9. c4 b6 10. Nbc3 Bb7 11. Bf4 Na6 12. Be5 Qe7 13. Qc2 Rfd8 14. Rad1 Rd7 15.
a3 Ne8 16. Bxg7 Nxg7 17. g3 Rad8 18. b4 Nf5 19. b5 Nb8 20. d5 cxd5 21. cxd5
exd5 22. Nf4 Qc5 23. Qb2 d4 24. Ncd5 Bxd5 25. Bxd5 Rxd5 26. Nxd5 Qxd5 27. Rfe1
h5 28. f4 Nd7 29. Qf2 Qxb5 30. h3 Nf6 31. Re4 Qd7 32. Qf3 Ne7 33. f5 Qd6 34.
Re2 Nxf5 35. g4 hxg4 36. hxg4 Nh4 37. Qf2 g5 38. Red2 Qc6 39. Rf1 Kg7 40. Qg3
Rd7 41. Qe5 Rd5 42. Qg3 Ne4 43. Qd3 Nxd2 44. Qxd2 Qe6 0-1

[Event "Rheno Palatinat-Luxemburg"]
[Site "?"]
[Date "????.??.??"]
[Round "3.4"]
[White "Schammo, J."]
[Black "Betz, E."]
[Result "1/2-1/2"]
[WhiteElo "2103"]
[BlackElo "2006"]
[PlyCount "63"]
[EventDate "2008.??.??"]

1. d4 f5 2. Qd3 d5 3. Bf4 Nf6 4. Nc3 e6 5. Nf3 a6 6. g3 c5 7. e3 Nc6 8. a3 c4
9. Qd1 Bd6 10. Bxd6 Qxd6 11. h4 h5 12. Be2 b5 13. O-O Bd7 14. Ng5 Ng4 15. Kg2
Ke7 16. Bf3 Nf6 17. Nh3 g6 18. Ng5 Raf8 19. Qd2 Nd8 20. Ne2 Nf7 21. Nf4 Rhg8
22. Qb4 Nxg5 23. hxg5 Ne4 24. Bxe4 fxe4 25. f3 exf3+ 26. Rxf3 Rf5 27. Raf1 Be8
28. Nh3 Rgf8 29. Rf4 Bd7 30. Rxf5 Rxf5 31. Rxf5 gxf5 32. Nf4 1/2-1/2

[Event "Schleswig-Holstein-Bahn-Sozialwerk 1"]
[Site "?"]
[Date "????.??.??"]
[Round "3.1"]
[White "Felser, F."]
[Black "Weiß, W."]
[Result "1-0"]
[WhiteElo "2037"]
[BlackElo "2227"]
[PlyCount "59"]
[EventDate "2008.??.??"]

1. d4 d6 2. e4 g6 3. Nc3 Bg7 4. Be3 c6 5. a4 Nf6 6. Be2 a5 7. h3 Na6 8. Nf3 O-O
9. O-O Qc7 10. Qd2 Nb4 11. Bh6 e5 12. Bxg7 Kxg7 13. Rad1 Re8 14. Bd3 Be6 15.
Rfe1 Nh5 16. Ne2 Rad8 17. c3 Nxd3 18. Qxd3 Bb3 19. Ra1 Be6 20. c4 f5 21. Qc3
fxe4 22. dxe5 d5 23. Ng5 Kg8 24. cxd5 Bxd5 25. e6 Bxe6 26. Nxe4 Qg7 27. Qxa5
Rd5 28. Qc3 Bf5 29. Qxg7+ Nxg7 30. Nf6+ 1-0

[Event "Schleswig-Holstein-Bahn-Sozialwerk 1"]
[Site "?"]
[Date "????.??.??"]
[Round "3.2"]
[White "Kugelmann, W."]
[Black "Zimmermann, M."]
[Result "1/2-1/2"]
[WhiteElo "2213"]
[BlackElo "1924"]
[PlyCount "119"]
[EventDate "2008.??.??"]

1. e4 e6 2. d4 d5 3. Nd2 c5 4. exd5 Qxd5 5. Ngf3 cxd4 6. Bc4 Qd6 7. O-O Nf6 8.
Nb3 Qc7 9. Qe2 Nc6 10. Nbxd4 Nxd4 11. Nxd4 Bd6 12. g3 a6 13. Nf5 O-O 14. Nxd6
Qxd6 15. Bf4 Qc6 16. Be5 Nd7 17. Bc3 b5 18. Bd3 Bb7 19. f3 Nc5 20. Rad1 Nxd3
21. Qxd3 Rac8 22. a3 h6 23. Qe3 Rfd8 24. Kf2 Rd5 25. Rxd5 Qxd5 26. Re1 Rd8 27.
Re2 Qh5 28. h4 Rd1 29. Re1 Rxe1 30. Bxe1 Qf5 31. Qc3 Qh3 32. Ke2 Qg2+ 33. Bf2
Bd5 34. b3 Kh7 35. Qd3+ Kg8 36. c4 bxc4 37. bxc4 Bc6 38. Qb3 Kh7 39. Qe3 Qh1
40. Qf4 Ba4 41. Qe4+ f5 42. Qd3 Qc1 43. Be3 Qb2+ 44. Bd2 Bc2 45. Qd6 Qb3 46.
Qxe6 Qd3+ 47. Ke1 Qxf3 48. Bf4 Qxa3 49. h5 Qc3+ 50. Kf2 Qf6 51. Qxf6 gxf6 52.
Ke3 a5 53. Bd6 Kg7 54. Kd4 a4 55. Kc3 Bd1 56. Kb4 Kf7 57. Bf4 Ke6 58. Bxh6 Bxh5
59. Kxa4 Kd6 60. Kb5 1/2-1/2

[Event "Schleswig-Holstein-Bahn-Sozialwerk 1"]
[Site "?"]
[Date "????.??.??"]
[Round "3.3"]
[White "Gehrmann, R."]
[Black "Schäfer, G."]
[Result "1-0"]
[WhiteElo "1991"]
[BlackElo "1984"]
[PlyCount "65"]
[EventDate "2008.??.??"]

1. c4 e5 2. Nc3 d6 3. g3 g6 4. Bg2 Bg7 5. Nf3 Nf6 6. O-O O-O 7. d4 Nbd7 8. dxe5
dxe5 9. Qc2 c6 10. Rd1 Qe7 11. a4 a5 12. b3 Nc5 13. Ba3 Bf5 14. Qc1 Rfe8 15.
Qe3 Bf8 16. h3 Kh8 17. Ng5 Kg8 18. g4 Bxg4 19. Nge4 Nfxe4 20. Nxe4 Qh4 21. Bxc5
Bf5 22. Bxf8 Rxf8 23. Rd2 Rad8 24. Nd6 Qf6 25. c5 b6 26. Nxf5 gxf5 27. cxb6
Rxd2 28. Qxd2 Rd8 29. Qc3 Qg7 30. b7 f4 31. Rc1 f3 32. Qxf3 Qg5 33. Qg4 1-0

[Event "Schleswig-Holstein-Bahn-Sozialwerk 1"]
[Site "?"]
[Date "????.??.??"]
[Round "3.4"]
[White "Fleuch, H."]
[Black "Gehrmann, D."]
[Result "1-0"]
[WhiteElo "2126"]
[BlackElo "1945"]
[PlyCount "81"]
[EventDate "2008.??.??"]

1. e4 c5 2. c3 d5 3. exd5 Qxd5 4. d4 e6 5. Nf3 Nc6 6. Na3 Qd8 7. Nc2 Nf6 8. Be2
Be7 9. Ne5 Nxe5 10. dxe5 Qxd1+ 11. Bxd1 Nd7 12. f4 c4 13. Ne3 Nc5 14. Nxc4 b5
15. Bf3 Rb8 16. Na5 Rb6 17. Be2 Bd7 18. Nb3 Bc6 19. Be3 Bh4+ 20. Kd1 Nxb3 21.
axb3 Rb7 22. Rg1 O-O 23. g3 Be7 24. Rxa7 Rxa7 25. Bxa7 Ra8 26. Be3 Ra2 27. Kc1
Ba3 28. Bxb5 Rxb2 29. Bxc6 Re2+ 30. Kb1 Rxe3 31. Kc2 Re2+ 32. Kd3 Rxh2 33. b4
Ra2 34. Rb1 Kf8 35. b5 Bc5 36. b6 Ke7 37. Kc4 Be3 38. b7 Ba7 39. b8=Q Bxb8 40.
Rxb8 f6 41. Rb7+ 1-0

[Event "TuS Coswig-Norwegen 2"]
[Site "?"]
[Date "????.??.??"]
[Round "3.1"]
[White "Bußler, J."]
[Black "Ulrichsen, J."]
[Result "1/2-1/2"]
[WhiteElo "1726"]
[BlackElo "2221"]
[PlyCount "49"]
[EventDate "2008.??.??"]

1. d4 d5 2. c4 c6 3. Nc3 Nf6 4. Nf3 e6 5. e3 Nbd7 6. Bd3 Bd6 7. O-O O-O 8. Re1
dxc4 9. Bxc4 e5 10. dxe5 Nxe5 11. Nxe5 Bxe5 12. Qxd8 Rxd8 13. f3 Be6 14. Be2
Bxc3 15. bxc3 Nd5 16. Bd2 Nb6 17. Red1 Bc4 18. Kf2 Rd7 19. e4 Bxe2 20. Kxe2 Nc4
21. Bg5 Rc7 22. Rd4 b5 23. Rad1 f6 24. Bf4 Re7 25. Rd7 1/2-1/2

[Event "TuS Coswig-Norwegen 2"]
[Site "?"]
[Date "????.??.??"]
[Round "3.2"]
[White "Taksrud, V."]
[Black "Eiselt, P."]
[Result "1-0"]
[WhiteElo "2164"]
[BlackElo "2025"]
[PlyCount "63"]
[EventDate "2008.??.??"]

1. Nc3 d5 2. e4 dxe4 3. Nxe4 Bf5 4. Ng3 Bg6 5. d4 Nf6 6. Nf3 e6 7. h4 h6 8. h5
Bh7 9. Bd3 Bd6 10. Ne5 Bxd3 11. Qxd3 O-O 12. Qf3 Nbd7 13. Nd3 c6 14. Bd2 Qc7
15. Ne2 Kh7 16. O-O-O c5 17. dxc5 Nxc5 18. Nd4 a6 19. Nxc5 Qxc5 20. Nb3 Qd5 21.
Qh3 Qc4 22. Kb1 Rac8 23. Bc3 Ne4 24. Rd4 Nxc3+ 25. bxc3 Qe2 26. Rxd6 Qxf2 27.
g4 Qf4 28. Qd3+ Kg8 29. Rd7 Qf2 30. Rf1 Qg2 31. Qf3 Qh2 32. Rxf7 1-0

[Event "TuS Coswig-Norwegen 2"]
[Site "?"]
[Date "????.??.??"]
[Round "3.3"]
[White "Andrich, H."]
[Black "Strand, K."]
[Result "0-1"]
[WhiteElo "1992"]
[BlackElo "2081"]
[PlyCount "64"]
[EventDate "2008.??.??"]

1. d4 d5 2. c4 e6 3. Nc3 Nf6 4. Bg5 Nbd7 5. cxd5 exd5 6. e3 c6 7. Bd3 Be7 8.
Qc2 O-O 9. Nge2 Re8 10. O-O-O b5 11. Kb1 h6 12. Bf4 Nb6 13. Nc1 Nc4 14. Ka1 a5
15. h3 Bd6 16. Bxd6 Qxd6 17. Nb1 a4 18. Rhe1 Be6 19. f3 Na5 20. Qc5 Qxc5 21.
dxc5 Nd7 22. Nc3 Nxc5 23. Bc2 Nc4 24. e4 dxe4 25. Nxe4 Nb7 26. Kb1 Rac8 27. b3
Na3+ 28. Kb2 Nxc2 29. Kxc2 axb3+ 30. axb3 Kf8 31. Nd6 Nxd6 32. Rxd6 Bxb3+ 0-1

[Event "TuS Coswig-Norwegen 2"]
[Site "?"]
[Date "????.??.??"]
[Round "3.4"]
[White "Bjorgvik, J-A."]
[Black "Patzke, K."]
[Result "1/2-1/2"]
[WhiteElo "2021"]
[BlackElo "1598"]
[PlyCount "28"]
[EventDate "2008.??.??"]

1. e4 e6 2. d4 d5 3. exd5 exd5 4. Nf3 Bd6 5. Bd3 Ne7 6. h3 Bf5 7. Bxf5 Nxf5 8.
Qe2+ Qe7 9. Qxe7+ Bxe7 10. O-O O-O 11. Bf4 Bd6 12. Bxd6 Nxd6 13. Nbd2 Nd7 14.
Rfe1 Rfe8 1/2-1/2

[Event "Rotation Dresden-Norwegen 1"]
[Site "?"]
[Date "????.??.??"]
[Round "3.2"]
[White "Kristiansen, E."]
[Black "Koksch, G."]
[Result "1-0"]
[WhiteElo "2253"]
[BlackElo "2096"]
[PlyCount "71"]
[EventDate "2008.??.??"]

1. d4 e6 2. c4 f5 3. Nf3 Nf6 4. g3 Be7 5. Bg2 d6 6. Nc3 O-O 7. O-O a5 8. Re1
Ne4 9. Qc2 Nxc3 10. bxc3 Bf6 11. Ba3 Nc6 12. Rad1 Qe8 13. d5 exd5 14. c5 dxc5
15. Bxc5 Be7 16. Rxd5 Be6 17. Bxe7 Qxe7 18. Rb5 Rab8 19. Nd4 Nxd4 20. cxd4 b6
21. e4 Qd7 22. Re5 f4 23. Rc1 Bh3 24. Qc4+ Kh8 25. Bxh3 Qxh3 26. Qe6 Qxe6 27.
Rxe6 fxg3 28. hxg3 Rf7 29. a4 Kg8 30. Rec6 Rb7 31. d5 Rd7 32. Kg2 Kf8 33. Kf3
Ke8 34. Ke3 Kd8 35. Kd4 Rd6 36. Rxd6+ 1-0

[Event "Rotation Dresden-Norwegen 1"]
[Site "?"]
[Date "????.??.??"]
[Round "3.3"]
[White "Kneschke, H."]
[Black "Gundersen, H."]
[Result "0-1"]
[WhiteElo "1877"]
[BlackElo "2254"]
[PlyCount "54"]
[EventDate "2008.??.??"]

1. e4 e6 2. d4 d5 3. e5 c5 4. c3 Qb6 5. Nf3 Bd7 6. Be2 Bb5 7. dxc5 Bxc5 8.
Bxb5+ Qxb5 9. b4 Bb6 10. Qe2 Qxe2+ 11. Kxe2 Nd7 12. Be3 Bxe3 13. Kxe3 Rc8 14.
Kd3 Ne7 15. Re1 Ng6 16. g3 O-O 17. Re2 f6 18. exf6 e5 19. Ne1 Rxf6 20. f3 Rfc6
21. a4 Nb6 22. Raa2 Rc4 23. a5 Nd7 24. Rac2 Nf6 25. Nd2 e4+ 26. fxe4 dxe4+ 27.
Ke3 Ng4# 0-1

[Event "Rotation Dresden-Norwegen 1"]
[Site "?"]
[Date "????.??.??"]
[Round "3.4"]
[White "Nordby, B."]
[Black "Säurig, B."]
[Result "1-0"]
[WhiteElo "2186"]
[BlackElo "1801"]
[PlyCount "67"]
[EventDate "2008.??.??"]

1. d4 Nf6 2. c4 e6 3. Nf3 d5 4. Bg5 Be7 5. e3 c6 6. Nc3 Nbd7 7. Qc2 a6 8. a3
Qa5 9. c5 h6 10. b4 Qd8 11. Bf4 Nh5 12. Bd3 Nxf4 13. exf4 Qc7 14. Ne5 Nxe5 15.
fxe5 Bd7 16. O-O O-O-O 17. Na4 f6 18. Nb6+ Kb8 19. f4 g5 20. a4 gxf4 21. b5
fxe5 22. bxa6 e4 23. Qc3 bxa6 24. Rab1 Ka7 25. Bxa6 Kxa6 26. Nxd7 Rb8 27. Nxb8+
Rxb8 28. Qc2 Bf6 29. Rxb8 Qxb8 30. Rb1 Bxd4+ 31. Kh1 Qh8 32. Rb6+ Ka5 33. Qe2
Qa8 34. Qd2+ 1-0

[Event "BSW Lok Dresden-Schweden 2"]
[Site "?"]
[Date "????.??.??"]
[Round "3.1"]
[White "Meier, W."]
[Black "Ahman, L."]
[Result "0-1"]
[WhiteElo "2207"]
[BlackElo "2097"]
[PlyCount "108"]
[EventDate "2008.??.??"]

1. Nf3 Nf6 2. c4 g6 3. Nc3 Bg7 4. d4 O-O 5. Bg5 c5 6. d5 d6 7. e3 h6 8. Bh4 a6
9. Be2 g5 10. Bg3 Nh5 11. Qc2 Nxg3 12. hxg3 e5 13. Nd2 f5 14. g4 fxg4 15. Nde4
Bf5 16. O-O-O b5 17. cxb5 axb5 18. Bxb5 Na6 19. Bxa6 Rxa6 20. a3 Qe8 21. Qe2
Rb6 22. Qc4 Qg6 23. Rd2 Rfb8 24. Ng3 e4 25. Nxf5 Qxf5 26. Qxe4 Qxe4 27. Nxe4
Bxb2+ 28. Kd1 Kg7 29. Ke2 Be5 30. Rc1 Ra6 31. Ra2 Rba8 32. Nd2 Rxa3 33. Rac2
Ra2 34. Nc4 Rxc2+ 35. Rxc2 Kf6 36. Kd3 Kf5 37. g3 h5 38. e4+ Kf6 39. Ne3 Ra3+
40. Ke2 Ra4 41. Kd3 Rd4+ 42. Ke2 Rxe4 43. Ra2 h4 44. f3 gxf3+ 45. Kxf3 Rxe3+
46. Kxe3 Bxg3 47. Ke4 h3 48. Ra8 h2 49. Ra1 Be5 50. Rf1+ Kg6 51. Kf3 c4 52. Kg2
c3 53. Rf2 Bf4 54. Rc2 Bd2 0-1

[Event "BSW Lok Dresden-Schweden 2"]
[Site "?"]
[Date "????.??.??"]
[Round "3.2"]
[White "Gustavsson, S."]
[Black "Goldberg, V."]
[Result "1/2-1/2"]
[WhiteElo "2096"]
[BlackElo "2106"]
[PlyCount "109"]
[EventDate "2008.??.??"]

1. d4 Nf6 2. Nf3 g6 3. Nc3 d5 4. Bf4 Bg7 5. e3 Nh5 6. Bg5 h6 7. Bh4 c6 8. Be2
Nf6 9. Ne5 Nbd7 10. f4 Nxe5 11. fxe5 Ng8 12. O-O Be6 13. Bg4 Qd7 14. Bxe6 Qxe6
15. Qd3 h5 16. Ne2 Bh6 17. Bg3 O-O-O 18. Nf4 Bxf4 19. Bxf4 Nh6 20. Bxh6 Rxh6
21. b3 f6 22. exf6 exf6 23. c4 dxc4 24. bxc4 f5 25. Rad1 Qd6 26. a4 Rhh8 27.
Qc2 Rhe8 28. c5 Qd5 29. a5 a6 30. Rb1 Rd7 31. Rb3 Re4 32. Rfb1 f4 33. Qb2 Ree7
34. Rb6 Rc7 35. exf4 Qe4 36. Qf2 Rcd7 37. R6b4 Rf7 38. Re1 Qxf4 39. Re8+ Rd8
40. Qxf4 Rxf4 41. Rxd8+ Kxd8 42. Rxb7 Rxd4 43. Rb6 Kd7 44. Rxa6 Rc4 45. Ra7+
Ke6 46. a6 Kd5 47. Rg7 Kxc5 48. a7 Ra4 49. Rxg6 Rxa7 50. Rg5+ Kd4 51. Rxh5 c5
52. Kf2 c4 53. Rh8 c3 54. Rd8+ Kc4 55. Rc8+ 1/2-1/2

[Event "BSW Lok Dresden-Schweden 2"]
[Site "?"]
[Date "????.??.??"]
[Round "3.3"]
[White "Eskandary, J."]
[Black "Andersson, S."]
[Result "1-0"]
[WhiteElo "2102"]
[BlackElo "2076"]
[PlyCount "79"]
[EventDate "2008.??.??"]

1. e4 c5 2. Nc3 e6 3. Bc4 Nc6 4. d3 a6 5. a3 b5 6. Ba2 Bb7 7. f4 b4 8. axb4
Nxb4 9. Bb3 Nf6 10. Nf3 Be7 11. O-O Qb6 12. Kh1 Ng4 13. Na4 Qa7 14. c3 Nc6 15.
h3 h5 16. Qe1 Na5 17. Bc2 c4 18. hxg4 hxg4+ 19. Nh2 cxd3 20. Be3 Qb8 21. Bxd3
Nb3 22. Rd1 f5 23. Bc2 Bc6 24. Nb6 Nc5 25. Nxa8 Qxa8 26. Bxc5 Bxc5 27. Rd2 Kf7
28. Qg3 Bxe4 29. Bxe4 Qxe4 30. Qd3 d5 31. Qxe4 dxe4 32. g3 e3 33. Rd3 a5 34.
Re1 Rb8 35. Re2 Kf6 36. Nf1 e5 37. Rd5 exf4 38. gxf4 Ba7 39. Rxa5 Rb7 40. Re5
1-0

[Event "BSW Lok Dresden-Schweden 2"]
[Site "?"]
[Date "????.??.??"]
[Round "3.4"]
[White "Nystrom, R."]
[Black "Schwier, M."]
[Result "0-1"]
[WhiteElo "2026"]
[BlackElo "2117"]
[PlyCount "44"]
[EventDate "2008.??.??"]

1. d4 d5 2. c4 e6 3. Nc3 f5 4. g3 Nf6 5. Bg2 c6 6. Nf3 Be7 7. O-O O-O 8. Qc2
Bd7 9. Ne5 Be8 10. f3 Nbd7 11. e4 dxe4 12. fxe4 Nxe5 13. dxe5 Ng4 14. Kh1 Nxe5
15. b3 Bg6 16. Bb2 Qd3 17. Qxd3 Nxd3 18. Rab1 fxe4 19. Ba1 e3 20. Rxf8+ Rxf8
21. Rf1 Bf6 22. Kg1 Bh5 0-1

[Event "Schottland-Bremen"]
[Site "?"]
[Date "????.??.??"]
[Round "3.1"]
[White "Bonner, G."]
[Black "Gerhardt, P-M."]
[Result "1/2-1/2"]
[WhiteElo "2225"]
[BlackElo "2112"]
[PlyCount "22"]
[EventDate "2008.??.??"]

1. d4 Nf6 2. Nf3 g6 3. Bf4 Bg7 4. e3 b6 5. Nbd2 Bb7 6. h3 O-O 7. Bc4 d6 8. Qe2
Nbd7 9. O-O e6 10. c3 Qe7 11. Rfe1 e5 1/2-1/2

[Event "Schottland-Bremen"]
[Site "?"]
[Date "????.??.??"]
[Round "3.2"]
[White "Keller, H."]
[Black "White, A."]
[Result "1/2-1/2"]
[WhiteElo "1924"]
[BlackElo "2045"]
[PlyCount "36"]
[EventDate "2008.??.??"]

1. d4 d6 2. e4 Nf6 3. Nc3 g6 4. Nf3 Bg7 5. h3 a6 6. a4 O-O 7. Be3 Nc6 8. Bd3 e5
9. O-O Nd7 10. Bc4 exd4 11. Nxd4 Nde5 12. Ba2 Nxd4 13. Bxd4 Be6 14. f4 Bxa2 15.
Rxa2 Nd7 16. Bxg7 Kxg7 17. Qd4+ f6 18. Rc1 Nc5 1/2-1/2

[Event "Schottland-Bremen"]
[Site "?"]
[Date "????.??.??"]
[Round "3.3"]
[White "Borwell, A."]
[Black "Pundt, W."]
[Result "1/2-1/2"]
[WhiteElo "1849"]
[BlackElo "1930"]
[PlyCount "44"]
[EventDate "2008.??.??"]

1. e4 e5 2. Nf3 Nc6 3. d4 exd4 4. Bc4 Be7 5. c3 d6 6. Qb3 Na5 7. Bxf7+ Kf8 8.
Qa4 Kxf7 9. Qxa5 dxc3 10. Nxc3 c6 11. Qxd8 Bxd8 12. Bf4 Ba5 13. Bxd6 Nf6 14. b4
Bb6 15. O-O Re8 16. e5 Ng4 17. h3 Nh6 18. g4 Kg8 19. Rad1 Be6 20. Rd2 Nf7 21.
Rfd1 h5 22. Nh2 Bc4 1/2-1/2

[Event "Schottland-Bremen"]
[Site "?"]
[Date "????.??.??"]
[Round "3.4"]
[White "Brüggemann, H."]
[Black "Flockhart, H."]
[Result "1/2-1/2"]
[WhiteElo "1993"]
[BlackElo "1922"]
[PlyCount "26"]
[EventDate "2008.??.??"]

1. e4 d5 2. exd5 Nf6 3. Bb5+ Bd7 4. Bxd7+ Qxd7 5. c4 c6 6. Nf3 cxd5 7. cxd5
Nxd5 8. O-O e6 9. Nc3 Nc6 10. Qe2 Be7 11. Ne4 O-O 12. d4 Nf6 13. Rd1 Qd5
1/2-1/2

[Event "Störtebeker-Meckl.-Vorpommern"]
[Site "?"]
[Date "????.??.??"]
[Round "3.1"]
[White "Mewes, H-D."]
[Black "Wiemer, J."]
[Result "1-0"]
[WhiteElo "1958"]
[BlackElo "2091"]
[PlyCount "78"]
[EventDate "2008.??.??"]

1. d4 Nf6 2. c4 e6 3. Nf3 d5 4. Nc3 Nbd7 5. Bg5 Be7 6. cxd5 exd5 7. e3 c6 8.
Bd3 h6 9. Bh4 Bd6 10. Rc1 Qe7 11. Qe2 g5 12. Bg3 Bxg3 13. hxg3 Ne4 14. Qc2 f5
15. Nd2 Ndf6 16. Ncxe4 fxe4 17. Be2 Bf5 18. Qc5 Qxc5 19. Rxc5 Ke7 20. f3 g4 21.
f4 Bd7 22. Kf2 b6 23. Rc3 h5 24. Nb1 Kd6 25. b4 Ne8 26. a4 Ng7 27. Na3 a6 28.
Bd1 Nf5 29. Be2 b5 30. a5 Rac8 31. Nb1 h4 32. gxh4 g3+ 33. Ke1 Rxh4 34. Rxh4
Nxh4 35. Kf1 Rh8 36. Kg1 Ng6 37. Nd2 Nh4 38. Nf1 Nxg2 39. Kxg2 Rh2+ 1-0

[Event "Störtebeker-Meckl.-Vorpommern"]
[Site "?"]
[Date "????.??.??"]
[Round "3.2"]
[White "Potthammel, J."]
[Black "Schäfer, H."]
[Result "1-0"]
[WhiteElo "2075"]
[BlackElo "1737"]
[PlyCount "71"]
[EventDate "2008.??.??"]

1. e4 c5 2. Nf3 d6 3. Nc3 Nc6 4. d4 cxd4 5. Nxd4 Nf6 6. Bg5 e6 7. Bc4 a6 8. Bb3
Be7 9. Qd2 O-O 10. O-O-O Qc7 11. f4 Rd8 12. h3 Na5 13. Kb1 Nxb3 14. cxb3 h6 15.
Bxf6 Bxf6 16. g4 b5 17. h4 Bb7 18. g5 Bxd4 19. Qxd4 Qc5 20. b4 Qxd4 21. Rxd4
Kf8 22. Rg1 hxg5 23. hxg5 g6 24. Rf1 Kg7 25. Rfd1 Rac8 26. Rxd6 Rxd6 27. Rxd6
Rc4 28. a3 Bxe4+ 29. Nxe4 Rxe4 30. Rxa6 Rxf4 31. Ra5 Rf5 32. a4 bxa4 33. Rxf5
gxf5 34. b5 f4 35. Kc2 f3 36. Kd3 1-0

[Event "Störtebeker-Meckl.-Vorpommern"]
[Site "?"]
[Date "????.??.??"]
[Round "3.3"]
[White "Buck, K-M."]
[Black "Kühn, P."]
[Result "0-1"]
[WhiteElo "1805"]
[BlackElo "2038"]
[PlyCount "66"]
[EventDate "2008.??.??"]

1. b4 e5 2. a3 d6 3. Bb2 f5 4. e3 Nf6 5. c4 Be7 6. Nf3 O-O 7. Qb3 e4 8. Nd4 c5
9. Nc2 Nc6 10. Nc3 Qe8 11. Nd5 Qf7 12. Bc3 Bd8 13. Qb2 Nxd5 14. cxd5 Ne5 15.
bxc5 Nd3+ 16. Bxd3 exd3 17. Nb4 f4 18. O-O-O Bf5 19. c6 Rb8 20. Na6 bxa6 21.
Qxb8 Bf6 22. Qxd6 Rd8 23. Qxf4 Qxd5 24. Bxf6 Qb3 25. Qc4+ Qxc4+ 26. Kb2 Qc2+
27. Ka1 gxf6 28. Rc1 Qxd2 29. Rhd1 Qa5 30. c7 Qxa3+ 31. Kb1 d2+ 32. Rc2 Rc8 33.
Rdxd2 Rxc7 0-1

[Event "Störtebeker-Meckl.-Vorpommern"]
[Site "?"]
[Date "????.??.??"]
[Round "3.4"]
[White "Krüger, G."]
[Black "Friedrich, E."]
[Result "1-0"]
[WhiteElo "1978"]
[BlackElo "1893"]
[PlyCount "43"]
[EventDate "2008.??.??"]

1. e4 e5 2. Nf3 Nc6 3. d4 exd4 4. Bc4 Qe7 5. O-O d6 6. Nxd4 Nxd4 7. Qxd4 Be6 8.
Be2 Qh4 9. Nc3 a6 10. f4 b6 11. f5 Bd7 12. Nd5 Qd8 13. Be3 c5 14. Qc3 Bc6 15.
Rae1 Ne7 16. Bg5 Nxd5 17. exd5 Qxg5 18. Bb5+ Kd8 19. Bxc6 Rb8 20. f6 g6 21. Qh3
Rb7 22. Re8+ 1-0

[Event "England D-Bahn-Sozialwerk 3"]
[Site "?"]
[Date "????.??.??"]
[Round "3.1"]
[White "Wilson, P."]
[Black "Bisse, V."]
[Result "1-0"]
[WhiteElo "1989"]
[BlackElo "1972"]
[PlyCount "99"]
[EventDate "2008.??.??"]

1. f4 d5 2. e3 Nf6 3. d4 Bf5 4. Nf3 e6 5. c3 Nbd7 6. Be2 c5 7. O-O c4 8. Nbd2
b5 9. Ne5 Ne4 10. Nxd7 Qxd7 11. Nxe4 Bxe4 12. Bf3 f5 13. Bxe4 fxe4 14. Qg4 g6
15. Bd2 Bd6 16. Be1 a5 17. Bh4 Qf7 18. Qh3 h5 19. Bg5 Kd7 20. Qg3 b4 21. Rfb1
Rhb8 22. Qe1 Ke8 23. Bh4 Ra7 24. Qd1 Qd7 25. Be1 Rab7 26. Qc2 Qb5 27. b3 bxc3
28. Bxc3 a4 29. b4 a3 30. Qd1 Qd7 31. g4 hxg4 32. Qxg4 Kf7 33. Qh4 Kg7 34. Qe1
Qa4 35. h4 Bxb4 36. Bxb4 Rxb4 37. Rxb4 Rxb4 38. Qg3 Rb2 39. h5 Qe8 40. Qg5 Kh7
41. Kh1 Rb7 42. Rg1 Rg7 43. Qe5 Qf7 44. Rg5 Kg8 45. h6 Rh7 46. Qb8+ Qf8 47.
Rxg6+ Kf7 48. Rf6+ Kxf6 49. Qxf8+ Kg6 50. Qg8+ 1-0